000 01479cam a2200337 4500
001 ABS66621
008 030409n2003 000 0 eng u
035 _a(Sirsi) u121940
100 _aCarr, C.
245 _aSuburbia: a challenge to prejudice?
260 _c2003
490 _aUrban Design Quarterly
_v(86) Spring 2003, 15-35(21)
520 _aA series of five articles focusing on urban design in suburbia. The overriding theme is whether suburbs can overcome prejudice to reflect good urban design and their own identity. Looks at the processes and issues surrounding suburban environments and considers how the principles of the Urban Task Force report can be applied to developments in suburban locations. Describes initiatives to improve suburban neighbourhoods in Northern Ohio and discusses experiences of urbanism in the Netherlands and Australia. Concludes by outlining the approach taken to create a real neighbourhood in Newhall, Harlow. References, figures and diagrams.
590 _aABS
650 _aSUBURBAN AREAS
650 _aSUBURBAN AREAS
650 _aURBAN DESIGN
650 _aURBAN ENVIRONMENT
650 _aURBAN TASK FORCE
650 _aTOWN PLANNING
650 _aNETHERLANDS
650 _aAUSTRALIA
650 _aNEWHALL
650 _aUNITED STATES
690 _aPlanning and development
_96259
700 _aCrookston, M.
700 _aSchwarz, T.
700 _aEvans, R.
700 _aWorthington, J.
942 _n0
999 _c72473
_d72473